Parole : La Fille du Père Noël - Jacques Dutronc - Statistiques

Statistiques générales
  • Ce quiz a été pris 28 fois
  • Le résultat moyen est 175 sur 237
Statistiques - réponses
Réponse % Correct
du
100%
fille
100%
la
100%
100%
Noël
100%
père
100%
Père
100%
Balthazar
95%
C'était
95%
elle
95%
Elle
95%
fils
95%
fouet
95%
Fouettard
95%
Je
95%
je
95%
Jean
95%
J'étais
95%
le
95%
m'a
95%
sa
95%
Marie
90%
s'appelait
90%
à
86%
A
86%
de
86%
De
86%
m'appelais
86%
Des
81%
les
81%
Et
76%
son
76%
suis
76%
avait
71%
me
71%
un
71%
au
67%
dit
67%
enfants
67%
mon
67%
Ne
67%
ne
67%
par
67%
tous
67%
cheminée
62%
ch'minée
62%
dans
62%
Dans
62%
donné
62%
mais
62%
nuit
62%
souliers
62%
Tout
62%
Toute
62%
y
62%
bras
57%
cadeaux
57%
devant
57%
donc
57%
faire
57%
fais
57%
fouetté
57%
grands
57%
hasard
57%
j'ai
57%
j'avais
57%
méchants
57%
mes
57%
non
57%
Pas
57%
pas
57%
petit
57%
tombée
57%
vous
57%
aidé
52%
était
52%
fier
52%
l'ai
52%
matin
52%
moi
52%
nue
52%
tour
52%
bois
48%
dessin
48%
gens
48%
prends
48%
Sur
48%
sur
48%
trouvée
48%
arrêté
43%
battre
43%
besoin
43%
cœur
43%
comme
43%
feu
43%
gueule
43%
remis
43%
s'est
43%
beauté
38%
lit
38%
muet
38%
rendu
38%
palier
33%
remise
33%
chez
29%
contre
29%
pouvais
29%
Bye
24%
bye
24%
jeté
24%
penché
24%
prendre
24%
d'une
19%
erreur
19%
voix
19%
Fatigué
14%
Descendue
5%
d'crécelle
0%
Placés
0%
Aucun quiz correspondant
Distribution des résultats
% des personnes avec chaque résultat
Percentile par nombre de réponses
Votre historique - résultats
Vous n’avez pas pris ce quiz